Select poems of Lakshminath Bezbaroa / (Record no. 89822)

MARC details
000 -LEADER
fixed length control field 00673nam a22002057a 4500
005 - DATE AND TIME OF LATEST TRANSACTION
control field 20141110125626.0
010 ## - LCCN (DPL NO)
LC control number ENG-111147
020 ## - INTERNATIONAL STANDARD BOOK NUMBER
Terms of availability 70.00
International Standard Book Number 9788123771816
020 ## - INTERNATIONAL STANDARD BOOK NUMBER
Terms of availability 70.00
International Standard Book Number 8123771819
035 ## - SYSTEM CONTROL NUMBER
System control number EN-94679
037 ## - SOURCE OF ACQUISITION
Source of stock number/acquisition DBAD/PUB
082 ## - DEWEY DECIMAL CLASSIFICATION NUMBER
Classification number 881
245 ## - TITLE STATEMENT
Title Select poems of Lakshminath Bezbaroa /
Statement of responsibility, etc edited and translated by Krishna Dulal Barua
260 ## - PUBLICATION, DISTRIBUTION, ETC. (IMPRINT)
Place of publication, distribution, etc New Delhi
Name of publisher, distributor, etc National Book Trust
Date of publication, distribution, etc 2014
270 ## - ADDRESS
City New Delhi
Postal code 110070
Address Nehru Bhawan, 5 Institutional Area Phase-II,Vasant Kunj
300 ## - PHYSICAL DESCRIPTION
Extent vii,56p. :
Dimensions 20cm(pbk)
Other physical details ill.
490 ## - SERIES STATEMENT
Series statement North East study series
700 ## - ADDED ENTRY--PERSONAL NAME
Personal name Barua, Krishna Dulal
942 ## - ADDED ENTRY ELEMENTS (KOHA)
Source of classification or shelving scheme Dewey Decimal Classification
Item type English Books
Call number suffix SEL
Classification part 881
Holdings
Withdrawn status Lost status Not for loan Collection code Home library Current library Date acquired Source of acquisition Cost, normal purchase price Full call number Barcode Copy number Cost, replacement price Koha item type
    Not For Loan Non-fiction D.B.Act.Division D.B.Act.Division 07/11/2014 DBAD/PUB 70.00 881 SEL EN-94679 1 70.00 English Books

© Delhi Public Library
Hit Counter
free hit counter